| 000 | 00502nam a22001937a 4500 | ||
|---|---|---|---|
| 999 |
_c208143 _d208143 |
||
| 003 | UPN | ||
| 005 | 20221020063617.0 | ||
| 008 | 210902b ||||| |||| 00| 0 spa d | ||
| 040 |
_aUPN _bspa _cUPN |
||
| 050 | 4 | _aBF345 | |
| 100 | 1 |
_929610 _aRodríguez Estrada, Mauro, _d1930-2007 |
|
| 245 | 0 | _aAdolescentes y la creatividad | |
| 260 |
_aMéxico : _bTrillas, _c1985. |
||
| 300 | _a315 p. | ||
| 650 | 0 |
_aAdolescentes _91014 |
|
| 650 | 2 |
_aCreatividad _95008 |
|
| 942 |
_2lcc _cLIBRO |
||
| 998 | _cCRON CRON | ||